Normal view
MARC view
Entry Personal Name
001 - CONTROL NUMBER
- control field: 47174
003 - CONTROL NUMBER IDENTIFIER
- control field: dpl
005 - DATE AND TIME OF LATEST TRANSACTION
- control field: 20120516123625.0
008 - FIXED-LENGTH DATA ELEMENTS
- fixed length control field: 120516|||a|||||| | ||| d
040 ## - CATALOGING SOURCE
- Original cataloging agency: dpl
- Transcribing agency: dpl
100 ## - HEADING--PERSONAL NAME
- Personal name: Iyengar, Geeta S.
670 ## - SOURCE DATA FOUND
- Source citation: Work cat.: (dpl)66468: Iyengar, Geeta S., Yoga;, 2011
670 ## - SOURCE DATA FOUND
- Source citation: Work cat.: (dpl)66468: Iyengar, Geeta S., Yoga;, 2011
